| 000 | 00681nam a2200241Ia 4500 | ||
|---|---|---|---|
| 003 | GCL | ||
| 008 | 140319s9999 xx 000 0 ara d | ||
| 040 |
_aGCL / _cGCL |
||
| 082 | 0 | 4 |
_a920.71 _bح ع |
| 100 | 1 | _aحسان حلاق | |
| 245 | 1 | 0 |
_aعمر جورى : سيرة رجل ومسيرة أمة / _cحسان حلاق |
| 260 |
_a[S.N] : _bدار الهجرة الاسلامية ، _c1995 |
||
| 300 | _a381 ص | ||
| 490 | _a | ||
| 650 | 0 | 4 | _aالشعر العربى |
| 650 | 0 | 4 | _aالادب العربى |
| 650 | 0 | 4 | _aالعلم |
| 650 | 0 | 4 | _aالتعليم |
| 650 | 0 | 4 | _aالتربية |
| 650 | 0 | 4 | _aالاجتماع |
| 650 | 0 | 4 | _aعمر حورى |
| 942 |
_2ddc _cBK |
||
| 999 |
_c36637 _d36637 |
||